000 00923nam a2200217 a 4500
001 47722
005 20180714031757.0
008 140415s1993 sp 000 0 spa d
020 _a847508592
041 _aspa
082 _a302.234
_bCHI
100 1 _aCHION, MICHEL
245 1 3 _aLA AUDIOVISION :
_bINTRODUCCION A UN ANALISIS CONJUNTO DE LA IMAGEN Y EL SONIDO
250 _a1a ed.
260 _aESPAÑA :
_bPAIDOS IBERICA,
_c1993
300 _a93
_c22 x 13.7 x 1.4
520 _aESTA OBRA PRESENTA EL BALANCE DE UNA INVESTIGACION SOBRE LAS RELACIONES ENTRE EL SONIDO Y LA IMAGEN QUE EL AUTOR VIENE ELABORANDO DESDE HACE UNOS QUINCE AÑOS Y DE LA QUE OFRECE AQUI UNA NUEVA FORMULACION. EN SU OPINION , LAS PELICULAS SONORAS, LOS VIDEOCLIPS O LOS PROGRAMAS DE TELEVISION NO SE VEN, SINO QUE SE AUDIOVEN.
650 1 4 _aTELEVISION
700 1 _aLOPEZ RUIZ, ANTONIO
_etr.
740 _aL´AUDIO-VISION
999 _c47722
_d47722